| 000 | 00682nam a22002177a 4500 | ||
|---|---|---|---|
| 003 | UA-OsUOA | ||
| 001 | 90828 | ||
| 007 | ta | ||
| 008 | 20121120b un ||||| |||| 00| 0 ukr d | ||
| 100 | _aШишко О.В. | ||
| 090 |
_a330(477) _bШ65 |
||
| 942 | _cSA | ||
| 040 |
_aUA-OsUOA _bfre _cUA-OsUOA _dUA-OsUOA |
||
| 245 | _aПроблемні питння методики розподілу коштів Державного фонду регіонального розвитку | ||
| 300 | _aС.30-44 | ||
| 955 | _a0 | ||
| 041 | _afre | ||
| 080 | _a330(477) | ||
| 773 | 0 |
_w90822 _tФінанси України _dК. _d2012 _g6 |
|
| 650 | 7 |
_a330 Економіка взагалі _2UDC |
|
| 999 |
_c377106 _d377106 |
||